000 01248nam a22002657a 4500
001 8502
003 FISKH
005 20250916115524.0
008 250916b cb ||||| |||| 00| 0 eng d
020 _a9780194789035
040 _aFISKH
_beng
_cFISKH
_dFISKH
050 _aPE1128.V4
082 _a 428
100 _aVicarym, Tim
245 _aThe coldest place on earth /
_cTim Vicary
260 _aNew York :
_bOxford,
_c2008.
300 _a56 pages :
_billustrations ;
_c20 cm
505 _aJ
520 _aThis award-winning collection of adapted classic literature and original stories develops reading skills for low-beginning through advanced students. Accessible language and carefully controlled vocabulary build students' reading confidence. Introductions at the beginning of each story, illustrations throughout, and glossaries help build comprehension. Before, during, and after reading activities included in the back of each book strengthen student comprehension. Audio versions of selected titles provide great models of intonation and pronunciation of difficult words.
521 8 _a490
_bLexile
521 8 _aJ
_bRaz-Plus
650 _aMulticultural
_vAdventure
_xMystery
942 _2ddc
_cBK
_n0
999 _c8502
_d8502